书目信息 |
| 题名: |
汉语声调论
|
|
| 作者: | 刘俐李 著 | |
| 分册: | ||
| 出版信息: | 南京 南京师范大学出版社 2004 |
|
| 页数: | 477页 | |
| 开本: | 21cm | |
| 丛书名: | 随园文库 | |
| 单 册: | ||
| 中图分类: | H116.4 | |
| 科图分类: | ||
| 主题词: | 汉语 , 声调 , 汉语--声调--研究 | |
| 电子资源: | ||
| ISBN: | 7-81047-916-4 | |
| 000 | 00931oam2 2200277 450 | |
| 001 | 002901503 | |
| 005 | 20061112091845.17 | |
| 010 | @a7-81047-916-4@dCNY30.00 | |
| 100 | @a20050104d2004 em y0chiy0110 ea | |
| 101 | 0 | @achi |
| 102 | @aCN@b320000 | |
| 105 | @ay z 000yy | |
| 200 | 1 | @a汉语声调论@9han yu sheng diao lun@f刘俐李著 |
| 210 | @a南京@c南京师范大学出版社@d2004 | |
| 215 | @a477页@d21cm | |
| 225 | 2 | @a随园文库 |
| 300 | @a南京师范大学高层次人才科研启动经费 南京师范大学出版资助金资助出版 | |
| 330 | @a本书论及以下几个问题:国内外声调理论的研究、声调现象研究、声调演变研究、汉语声调的特性和声调研究的基础概念、汉语声调系统的构成、汉语声调的组合规则、汉语声调的组合功能。 | |
| 461 | 0 | @12001 @a随园文库 |
| 606 | 0 | @a汉语 |
| 606 | 0 | @a声调 |
| 606 | 0 | @a汉语@x声调@x研究 |
| 690 | @aH116.4@v4 | |
| 701 | 0 | @a刘俐李@9liu li li@c(女,@f1947.7~)@4著 |
| 801 | 0 | @aCN@bNLC@c20061112 |
| 905 | @a10447@dH116.4@e101 | |
| 汉语声调论/刘俐李著.-南京:南京师范大学出版社,2004 |
| 477页;21cm.-(随园文库) |
| 南京师范大学高层次人才科研启动经费 南京师范大学出版资助金资助出版 |
| ISBN 7-81047-916-4:CNY30.00 |
| 本书论及以下几个问题:国内外声调理论的研究、声调现象研究、声调演变研究、汉语声调的特性和声调研究的基础概念、汉语声调系统的构成、汉语声调的组合规则、汉语声调的组合功能。 |
| ● |
| 相关链接 |
|
|
|
|
正题名:汉语声调论
索取号:H116.4/101
 
预约/预借
| 序号 | 登录号 | 条形码 | 馆藏地/架位号 | 状态 | 备注 |
| 1 | 0384447 | 203844475 | 第二样本阅览室/ [索取号:H116.4/101] | 在馆 | |
| 2 | 0384448 | 203844484 | 第四借阅区/ [索取号:H116.4/101] | 在馆 | |
| 3 | 0384449 | 203844493 | 第四借阅区/ [索取号:H116.4/101] | 在馆 |